The hyacinth spell [Large Print] / by Frances Y. ... Read More
Available copies
- 1 of 1 copy available at LARL/NWRL Consortium. (Show)
- 1 of 1 copy available at Northwest Regional Library.
Current holds
0 current holds with 1 total copy.
Show Only Available Copies
| Location | Call Number / Copy Notes | Barcode | Shelving Location | Status | Due Date |
|---|---|---|---|---|---|
| Red Lake Falls Public Library | lp MCH (Text) | 35500002909792 | Main | Available | - |
Record details
- ISBN: 0786227974 (lg. print : hc : alk. paper)
- Physical Description: 206 p. (large print) ; 23 cm.
- Publisher: Thorndike, Me. : Thorndike Press, 2000.
Search for related items by subject
| Subject: | New York (State) > Fiction. |
| Genre: | Occult fiction. Large type books. Romantic suspense fiction. |
| LDR | 00971nam a22002778a 4500 | ||
|---|---|---|---|
| 001 | 31299 | ||
| 003 | LARL_NWRL_CONSORTIUM | ||
| 005 | 20000531092555.0 | ||
| 008 | 000523r20001971meu d 000 1 eng | ||
| 010 | . | ‡a00042571 | |
| 020 | . | ‡a0786227974 (lg. print : hc : alk. paper) | |
| 035 | 0 | 0. | ‡ilcmarc/AYT-8343/NWRLTECH |
| 040 | . | ‡aDLC ‡cDLC | |
| 043 | . | ‡an-us-ny | |
| 082 | 0 | 0. | ‡a813/.54 ‡221 |
| 092 | . | ‡alp MCH | |
| 100 | 1 | . | ‡aMcHugh, Frances Y. ‡0(LARL_NWRL_CONSORTIUM)102743 |
| 245 | 1 | 4. | ‡aThe hyacinth spell ‡h[Large Print] / ‡cby Frances Y. McHugh. |
| 260 | . | ‡aThorndike, Me. : ‡bThorndike Press, ‡c2000. | |
| 300 | . | ‡a206 p. (large print) ; ‡c23 cm. | |
| 655 | 0. | ‡aOccult fiction. | |
| 651 | 0. | ‡aNew York (State) ‡vFiction. ‡0(LARL_NWRL_CONSORTIUM)166421 | |
| 655 | 0. | ‡aLarge type books. | |
| 655 | 7. | ‡aRomantic suspense fiction. ‡2gsafd | |
| 901 | . | ‡a31299 ‡bISxN ‡c31299 ‡tbiblio | |

Add to basket
Permalink
Enable Highlighting